| 000 | 00916cam a2200253 a 4500 | ||
|---|---|---|---|
| 001 | 74 | ||
| 003 | BR-CuiBMT | ||
| 005 | 20231117020438.0 | ||
| 008 | 230809s2022 mgba 000 0 por d | ||
| 020 | _a9786555183184 | ||
| 040 |
_aBR-CuiBMT _cBR-CuiBMT |
||
| 080 |
_22007 _a342.9:004.738 _x(81) |
||
| 090 |
_a342.9:004.738(81) _bZ69t |
||
| 100 | 1 | _aZiliotto, Mirela Miró | |
| 245 | 1 | 0 |
_aTecnologia blockchain nas contratações públicas no Brasil / _cMirela Miró Ziliotto ; prefácio Luiz Alberto Blanchet. |
| 260 |
_aBelo Horizonte : _bFórum, _c2022. |
||
| 300 |
_a178 p. : _bil. ; _c22 cm |
||
| 504 | _aInclui bibliografia. | ||
| 650 |
_aBlockchains (Base de dados) _xContratações públicas _yBrasil |
||
| 650 |
_aInovação tecnológica _xServiço público _zBrasil |
||
| 650 |
_aAdministração pública _xContratações _xInovação tecnológica |
||
| 650 |
_aDireito administrativo _zBrasil |
||
| 942 |
_2udc _cLV |
||
| 999 |
_c74 _d74 |
||